000 00394nam a2200145Ia 4500
005 20251222140053.0
008 251222s1900||||xx |||||||||||||| ||spa||
020 _a9788499251479
082 _a523/A97
100 _aAzcoaga Bengoechea, Ignacio M.
245 0 _aLa Ciencia ¿Puedes Explicar desde cuándo y por qué Existe el Universo?:
250 _a1ra.ed.
264 _bEDICEP
942 _cLIB
999 _c3680
_d3680